LEADER 00923nam0-2200277 --450 001 9910862899303321 005 20240619124251.0 010 $a978-88-8450-979-6 100 $a20240619d2021----kmuy0itay5050 ba 101 1 $aita$alat 102 $aIT 105 $a 001yy 200 1 $aHistoria Gothorum$fEnea Silvio Piccolomini$ga cura di Francesca Sivo 210 $aFirenze$cSISMEL Edizioni del Galluzzo$d2021 215 $aXXII, 236 p., 1 carta di tav.$cill.$d24 cm 225 1 $a<>ritorno dei classici nell'umanesimo$i4. Edizione nazionale dei testi della storiografia umanistica$v14 676 $a940.08939$v23 700 0$aPius II$c$0722678 702 1$aSivo,$bFrancesca 801 0$aIT$bUNINA$gREICAT$2UNIMARC 901 $aBK 912 $a9910862899303321 952 $aP2B 660 SISMEL CLASSICI 4.14$b2024/9991$fFLFBC 959 $aFLFBC 996 $aHistoria gothorum$93654999 997 $aUNINA LEADER 01466nam2 22002891i 450 001 UON00207399 005 20231205103319.884 100 $a20030730g19311937 |0itac50 ba 101 $afre 102 $aFR 105 $a|||| 1|||| 200 1 $aˆLes ‰ miserables$fVictor Hugo 210 $aParis$cNelson$d1931-1937 215 $a4 v.$d16 cm. 461 1$1001UON00174163$12001 $aOeuvres complétes de Victor Hugo$1210 $aParis$cNelson editeurs. 620 $aFR$dParis$3UONL002984 676 $a843$cNarrativa francese$v21 700 1$aHUGO$bVictor$3UONV003324$0444801 712 $aNelson Editeurs$3UONV267703$4650 801 $aIT$bSOL$c20260206$gRICA 912 $aUON00207399 950 $aSIBA - SISTEMA BIBLIOTECARIO DI ATENEO E ARCHIVIO STORICO$dSI Angl V A HUG 4 $eSI LO 56641 5 4 950 $aSIBA - SISTEMA BIBLIOTECARIO DI ATENEO E ARCHIVIO STORICO$dSI V A HUG 3 $eSI LO 56642 5 3 950 $aSIBA - SISTEMA BIBLIOTECARIO DI ATENEO E ARCHIVIO STORICO$dSI V A HUG 1 $eSI LO 56643 5 1 950 $aSIBA - SISTEMA BIBLIOTECARIO DI ATENEO E ARCHIVIO STORICO$dSI V A HUG 2 $eSI LO 56644 5 2 996 $aMisérables$935756 997 $aUNIOR